000 00518cam a22001934a 4500
005 20250605164310.0
008 250528s ||||||||||||||||||||||||d
035 _a22454
020 _a9789603431893
040 _aGR-AtMCL
_bgre
_dGR-AtMCL
_eAACR2
245 1 _aΟΙΚΟΝΟΜΙΚΗ ΤΟΥ ΧΩΡΟΥ ΤΟΜΟΣ Β
250 _a1
260 _bΑδελφοι Κυριακιδη,
_c1997
300 _a231
700 1 _aΑργυρης Θανασης
_98250
942 _cBK
999 _c7506
_d7506